| 000 | 00532nam a22001937a 4500 | ||
|---|---|---|---|
| 999 |
_c7242 _d7242 |
||
| 003 | GBCCL | ||
| 005 | 20241126110623.0 | ||
| 008 | 180719b ||||| |||| 00| 0 eng d | ||
| 020 | _a8175253967 | ||
| 040 | _cgbc | ||
| 082 |
_a423 _bTAW |
||
| 100 |
_aTawmbing, Chinzam _912825 |
||
| 245 |
_aEnglish Paite Dictionary / _cChinzam Tawmbing |
||
| 250 | _a3rd Improved & Enlarged ed. | ||
| 260 |
_aChurachandpur: _bT. Esther, _c2003 |
||
| 300 |
_a1122 p.; _bill., _c22 cm. |
||
| 650 |
_aEnglish-Paite Dictionary _912826 |
||
| 942 |
_2ddc _cBK |
||